000 01138nam a22003497a 4500
003 CHAP
005 20220329141211.0
008 971010s1967 r 00010 d
010 _a64259
011 _a65231
035 _a71560
040 _cCHAP
090 _aTesis
100 0 0 _aJuárez Camacho, Manuel.
_962390
245 _aPrácticas de lavado de un suelo sódico-salino del Lago de Texcoco
260 _aChapingo, Méx. :
_bEl autor,
_c1967
300 _a48 h.
_b: ilus. ; gráfs.
502 _aTesis (Ing. Agr. Esp. en Suelos) -- ENA. Departamento de Suelos
590 _aALEPH
_b10
_c20130110
_lUCH01
_h1351
590 _aBATCH-UPD
_b10
_c20130110
_lUCH01
_h1851
590 _aBATCH-UPD
_b10
_c20130410
_lUCH01
_h1220
590 _aBATCH-UPD
_b10
_c20130914
_lUCH01
_h2004
590 _aCONVERSION
_b10
_c20130109
_lUCH01
_h1335
650 1 4 _aSuelos salinos.
_9110558
650 1 4 _aSuelos sódicos.
_9110560
650 1 4 _aSuelos
_xLago de Texcoco.
_9110416
650 1 4 _aSuelos
_xLixiviación.
_9110420
901 _aBK
942 _cTESIS
949 _bBC
_cTES
_d-58621
_eTS1
_i71560
_si
949 _bS
_cTES
_d-4187
_eTS1
_i71560
_si
999 _c64259
_d64259